<?xml version="1.0" encoding="UTF-8"?>
<record
    xmlns:xsi="http://www.w3.org/2001/XMLSchema-instance"
    xsi:schemaLocation="http://www.loc.gov/MARC21/slim http://www.loc.gov/standards/marcxml/schema/MARC21slim.xsd"
    xmlns="http://www.loc.gov/MARC21/slim">

  <leader>00687nam a22001817a 4500</leader>
  <controlfield tag="005">20250729101107.0</controlfield>
  <controlfield tag="008">250728b        |||||||| |||| 00| 0 eng d</controlfield>
  <datafield tag="020" ind1=" " ind2=" ">
    <subfield code="a">978-0-367-36207-2</subfield>
  </datafield>
  <datafield tag="050" ind1=" " ind2=" ">
    <subfield code="a">BD175 .K596 2020</subfield>
  </datafield>
  <datafield tag="100" ind1=" " ind2=" ">
    <subfield code="a">SANTOS, BOAVENTURA DE SOUSE</subfield>
  </datafield>
  <datafield tag="245" ind1=" " ind2=" ">
    <subfield code="a">KNOWLEDGE BORN IN THE STRUGGLE: CONSTRUCTING THE EPISTEMOLOGIES OF THE GLOBAL SOUTH</subfield>
  </datafield>
  <datafield tag="260" ind1=" " ind2=" ">
    <subfield code="a">NEW YORK,NY</subfield>
    <subfield code="b">ROUTLEDGE</subfield>
    <subfield code="c">2020</subfield>
  </datafield>
  <datafield tag="300" ind1=" " ind2=" ">
    <subfield code="a">XLIII,253P.</subfield>
  </datafield>
  <datafield tag="500" ind1=" " ind2=" ">
    <subfield code="a">INCLUDES BIBLIOGRAPHICAL REFERENCES AND INDEX</subfield>
  </datafield>
  <datafield tag="650" ind1=" " ind2=" ">
    <subfield code="a"> 1.	EPISTEMOLOGIES-GLOBAL SOUTH 2.	KNOWLEDGE,THEORY OF 3.	SOCIOLOGY-PHILOSOPHY-GLOBAL SOUTH  4.	DECOLONIZATION-GLOBAL SOUTH </subfield>
  </datafield>
  <datafield tag="700" ind1=" " ind2=" ">
    <subfield code="a">MENESES, MARIA PAULA</subfield>
  </datafield>
  <datafield tag="942" ind1=" " ind2=" ">
    <subfield code="2">lcc</subfield>
    <subfield code="c">BK</subfield>
  </datafield>
  <datafield tag="999" ind1=" " ind2=" ">
    <subfield code="c">215969</subfield>
    <subfield code="d">215969</subfield>
  </datafield>
  <datafield tag="952" ind1=" " ind2=" ">
    <subfield code="0">0</subfield>
    <subfield code="1">0</subfield>
    <subfield code="2">lcc</subfield>
    <subfield code="4">0</subfield>
    <subfield code="6">BD0175 K596  02020</subfield>
    <subfield code="7">0</subfield>
    <subfield code="8">ARTS</subfield>
    <subfield code="9">372701</subfield>
    <subfield code="a">KSUL</subfield>
    <subfield code="b">KSUL</subfield>
    <subfield code="c">DISPLAY</subfield>
    <subfield code="d">2025-07-28</subfield>
    <subfield code="i">109335</subfield>
    <subfield code="l">0</subfield>
    <subfield code="o">BD175 .K596 2020</subfield>
    <subfield code="p">000000024444</subfield>
    <subfield code="r">2025-07-28 16:53:00</subfield>
    <subfield code="t">1</subfield>
    <subfield code="w">2025-07-28</subfield>
    <subfield code="y">BK</subfield>
  </datafield>
  <datafield tag="952" ind1=" " ind2=" ">
    <subfield code="0">0</subfield>
    <subfield code="1">0</subfield>
    <subfield code="2">lcc</subfield>
    <subfield code="4">0</subfield>
    <subfield code="6">BD0175 K596  02020</subfield>
    <subfield code="7">0</subfield>
    <subfield code="8">ARTS</subfield>
    <subfield code="9">372702</subfield>
    <subfield code="a">KSUL</subfield>
    <subfield code="b">KSUL</subfield>
    <subfield code="c">DISPLAY</subfield>
    <subfield code="d">2025-07-28</subfield>
    <subfield code="i">109336</subfield>
    <subfield code="l">0</subfield>
    <subfield code="o">BD175 .K596 2020</subfield>
    <subfield code="p">000000024503</subfield>
    <subfield code="r">2025-07-28 16:53:00</subfield>
    <subfield code="t">2</subfield>
    <subfield code="w">2025-07-28</subfield>
    <subfield code="y">BK</subfield>
  </datafield>
  <datafield tag="952" ind1=" " ind2=" ">
    <subfield code="0">0</subfield>
    <subfield code="1">0</subfield>
    <subfield code="2">lcc</subfield>
    <subfield code="4">0</subfield>
    <subfield code="6">BD0175 K596  02020</subfield>
    <subfield code="7">0</subfield>
    <subfield code="8">ARTS</subfield>
    <subfield code="9">372703</subfield>
    <subfield code="a">KSUL</subfield>
    <subfield code="b">KSUL</subfield>
    <subfield code="c">DISPLAY</subfield>
    <subfield code="d">2025-07-28</subfield>
    <subfield code="i">109337</subfield>
    <subfield code="l">0</subfield>
    <subfield code="o">BD175 .K596 2020</subfield>
    <subfield code="p">000000024502</subfield>
    <subfield code="r">2025-07-28 16:53:00</subfield>
    <subfield code="t">3</subfield>
    <subfield code="w">2025-07-28</subfield>
    <subfield code="y">BK</subfield>
  </datafield>
  <datafield tag="952" ind1=" " ind2=" ">
    <subfield code="0">0</subfield>
    <subfield code="1">0</subfield>
    <subfield code="2">lcc</subfield>
    <subfield code="4">0</subfield>
    <subfield code="6">BD0175 K596  02020</subfield>
    <subfield code="7">0</subfield>
    <subfield code="8">ARTS</subfield>
    <subfield code="9">372704</subfield>
    <subfield code="a">KSUL</subfield>
    <subfield code="b">KSUL</subfield>
    <subfield code="c">DISPLAY</subfield>
    <subfield code="d">2025-07-28</subfield>
    <subfield code="i">109338</subfield>
    <subfield code="l">0</subfield>
    <subfield code="o">BD175 .K596 2020</subfield>
    <subfield code="p">000000024501</subfield>
    <subfield code="r">2025-07-28 16:53:00</subfield>
    <subfield code="t">4</subfield>
    <subfield code="w">2025-07-28</subfield>
    <subfield code="y">BK</subfield>
  </datafield>
  <datafield tag="952" ind1=" " ind2=" ">
    <subfield code="0">0</subfield>
    <subfield code="1">0</subfield>
    <subfield code="2">lcc</subfield>
    <subfield code="4">0</subfield>
    <subfield code="6">BD0175 K596  02020</subfield>
    <subfield code="7">0</subfield>
    <subfield code="8">ARTS</subfield>
    <subfield code="9">372705</subfield>
    <subfield code="a">KSUL</subfield>
    <subfield code="b">KSUL</subfield>
    <subfield code="c">DISPLAY</subfield>
    <subfield code="d">2025-07-28</subfield>
    <subfield code="i">109339</subfield>
    <subfield code="l">0</subfield>
    <subfield code="o">BD175 .K596 2020</subfield>
    <subfield code="p">000000024500</subfield>
    <subfield code="r">2025-07-28 16:53:00</subfield>
    <subfield code="t">5</subfield>
    <subfield code="w">2025-07-28</subfield>
    <subfield code="y">BK</subfield>
  </datafield>
  <datafield tag="952" ind1=" " ind2=" ">
    <subfield code="0">0</subfield>
    <subfield code="1">0</subfield>
    <subfield code="2">lcc</subfield>
    <subfield code="4">0</subfield>
    <subfield code="6">BD0175 K596  02020</subfield>
    <subfield code="7">0</subfield>
    <subfield code="8">ARTS</subfield>
    <subfield code="9">372706</subfield>
    <subfield code="a">KSUL</subfield>
    <subfield code="b">KSUL</subfield>
    <subfield code="c">DISPLAY</subfield>
    <subfield code="d">2025-07-28</subfield>
    <subfield code="i">109340</subfield>
    <subfield code="l">0</subfield>
    <subfield code="o">BD175 .K596 2020</subfield>
    <subfield code="p">000000024499</subfield>
    <subfield code="r">2025-07-28 16:53:00</subfield>
    <subfield code="t">6</subfield>
    <subfield code="w">2025-07-28</subfield>
    <subfield code="y">BK</subfield>
  </datafield>
  <datafield tag="952" ind1=" " ind2=" ">
    <subfield code="0">0</subfield>
    <subfield code="1">0</subfield>
    <subfield code="2">lcc</subfield>
    <subfield code="4">0</subfield>
    <subfield code="6">BD0175 K596  02020</subfield>
    <subfield code="7">0</subfield>
    <subfield code="8">ARTS</subfield>
    <subfield code="9">372707</subfield>
    <subfield code="a">KSUL</subfield>
    <subfield code="b">KSUL</subfield>
    <subfield code="c">DISPLAY</subfield>
    <subfield code="d">2025-07-28</subfield>
    <subfield code="i">109341</subfield>
    <subfield code="l">0</subfield>
    <subfield code="o">BD175 .K596 2020</subfield>
    <subfield code="p">000000024498</subfield>
    <subfield code="r">2025-07-28 16:53:00</subfield>
    <subfield code="t">7</subfield>
    <subfield code="w">2025-07-28</subfield>
    <subfield code="y">BK</subfield>
  </datafield>
  <datafield tag="952" ind1=" " ind2=" ">
    <subfield code="0">0</subfield>
    <subfield code="1">0</subfield>
    <subfield code="2">lcc</subfield>
    <subfield code="4">0</subfield>
    <subfield code="6">BD0175 K596  02020</subfield>
    <subfield code="7">0</subfield>
    <subfield code="8">ARTS</subfield>
    <subfield code="9">372708</subfield>
    <subfield code="a">KSUL</subfield>
    <subfield code="b">KSUL</subfield>
    <subfield code="c">DISPLAY</subfield>
    <subfield code="d">2025-07-28</subfield>
    <subfield code="i">109342</subfield>
    <subfield code="l">0</subfield>
    <subfield code="o">BD175 .K596 2020</subfield>
    <subfield code="p">000000024419</subfield>
    <subfield code="r">2025-07-28 16:53:00</subfield>
    <subfield code="t">8</subfield>
    <subfield code="w">2025-07-28</subfield>
    <subfield code="y">BK</subfield>
  </datafield>
  <datafield tag="952" ind1=" " ind2=" ">
    <subfield code="0">0</subfield>
    <subfield code="1">0</subfield>
    <subfield code="2">lcc</subfield>
    <subfield code="4">0</subfield>
    <subfield code="6">BD0175 K596  02020</subfield>
    <subfield code="7">0</subfield>
    <subfield code="8">ARTS</subfield>
    <subfield code="9">372709</subfield>
    <subfield code="a">KSUL</subfield>
    <subfield code="b">KSUL</subfield>
    <subfield code="c">DISPLAY</subfield>
    <subfield code="d">2025-07-28</subfield>
    <subfield code="i">109343</subfield>
    <subfield code="l">0</subfield>
    <subfield code="o">BD175 .K596 2020</subfield>
    <subfield code="p">000000024418</subfield>
    <subfield code="r">2025-07-28 16:53:00</subfield>
    <subfield code="t">9</subfield>
    <subfield code="w">2025-07-28</subfield>
    <subfield code="y">BK</subfield>
  </datafield>
  <datafield tag="952" ind1=" " ind2=" ">
    <subfield code="0">0</subfield>
    <subfield code="1">0</subfield>
    <subfield code="2">lcc</subfield>
    <subfield code="4">0</subfield>
    <subfield code="6">BD0175 K596  02020</subfield>
    <subfield code="7">0</subfield>
    <subfield code="8">ARTS</subfield>
    <subfield code="9">372710</subfield>
    <subfield code="a">KSUL</subfield>
    <subfield code="b">KSUL</subfield>
    <subfield code="c">DISPLAY</subfield>
    <subfield code="d">2025-07-28</subfield>
    <subfield code="i">109344</subfield>
    <subfield code="l">0</subfield>
    <subfield code="o">BD175 .K596 2020</subfield>
    <subfield code="p">000000024417</subfield>
    <subfield code="r">2025-07-28 16:53:00</subfield>
    <subfield code="t">10</subfield>
    <subfield code="w">2025-07-28</subfield>
    <subfield code="y">BK</subfield>
  </datafield>
</record>
